Score 0/30 Timer 07:00
2 Plays Today
% Correct
Brocolis (Broccoli)
90.3%
Carotte (Carrot)
89.9%
Céleri (Celery)
86.9%
Oignon (Onion)
86.2%
Asperge (Asparagus)
84.7%
Pomme de terre (Potato)
84%
Gingembre (Ginger)
82.9%
Artichaut (Artichoke)
82.6%
Maïs (Corn)
82.1%
Radis (Radish)
78.7%
Chou de Bruxelles (Brussels sprouts)
78%
Salade (Lettuce)
76.5%
Chou-fleur (Cauliflower)
76.2%
Petit pois (Peas)
75.1%
Haricots verts (Green beans)
69.1%
% Correct
Chou rouge (Red cabbage)
68.9%
Patate douce (Sweet Potato)
67.8%
Ail (Garlic)
66%
Epinard (Spinach)
62.8%
Cresson (Cress)
61.6%
Fenouil (Fennel)
60.3%
Chou vert (Green cabbage)
59.1%
Endive (Endive)
54.6%
Radis noir (Black radish)
52.5%
Betterave (Beet)
51.1%
Panais (Parsnip)
48.2%
Navet (Turnip)
43.3%
Poireau (Leek)
30.1%
Rutabaga (Rutabaga)
29.9%
Chou-rave (Kohlrabi)
27.2%
Remove Ads.
Support Sporcle.
Get the best of Sporcle when you Go Orange. This ad-free experience offers more features, more stats, and more fun while also helping to support Sporcle. Thank you for becoming a member.

You're not logged in!

Compare scores with friends on all Sporcle quizzes.
OR
Log In

Show Comments

Extras

Top Quizzes Today


Score Distribution

Your Account Isn't Verified!

In order to create a playlist on Sporcle, you need to verify the email address you used during registration. Go to your Sporcle Settings to finish the process.

Report this User

Report this user for behavior that violates our Community Guidelines.

Details: